La educación moral y civica

Salvato in:
Dettagli Bibliografici
Autore principale: Condesa Zamoyska (Autore)
Natura: Libro
Lingua:spagnolo
Pubblicazione: Barcelona Gustavo Gili 1914
Edizione:2a. ed
Soggetti:
Tags: Aggiungi Tag
Nessun Tag, puoi essere il primo ad aggiungerne!!

MARC

LEADER 00000cam a2200000 a 4500
001 UCD0823
003 CL-VaPUC
008 151218e19140000sp |||||||||||||||||spa|d
082 0 4 |a 370.114  |b CON  |2 21 
100 0 |a Condesa Zamoyska  |e author  |9 583848 
245 1 3 |a La educación moral y civica 
250 |a 2a. ed 
300 |a 479 p 
942 |c BK 
945 |d 20151218 14:15:00  |a gsalatino 
260 |a Barcelona  |b Gustavo Gili  |c 1914 
650 0 |a Filosofía de la educación   |9 258384 
650 0 |a Educación moral  |9 308319 
650 0 |a Ética  |9 255099 
650 0 |a Valores sociales  |9 309627 
583 |a last modification  |c 20151218 14:15:00  |k Rodrigo Vera 
999 |c 362260  |d 362258 
952 |0 0  |1 0  |3 erd  |4 0  |6 370_114000000000000_CON_1914  |7 0  |8 P  |9 473312  |a BIBTEO  |b BIBTES  |c TEO_FTES  |i 5273609  |o 370.114 CON 1914  |p 5273609  |r 2024-01-18  |w 2019-11-24  |y BK  |z Catalogado en:20151218  |k ICR